Conflict to reconstruction: some observations on Nagaland and Manipur (Record no. 4175)

MARC details
000 -LEADER
fixed length control field 00599nam a2200205Ia 4500
020 ## - INTERNATIONAL STANDARD BOOK NUMBER
ISBN 81-89233-23-8
082 ## - DEWEY DECIMAL CLASSIFICATION NUMBER
Classification number 355.0218 CON-
245 #0 - TITLE STATEMENT
Title Conflict to reconstruction: some observations on Nagaland and Manipur
260 ## - PUBLICATION, DISTRIBUTION, ETC. (IMPRINT)
Place of publication New Delhi
Name of publisher Regency Publications
Year of publication 2005
300 ## - PHYSICAL DESCRIPTION
Number of Pages x, 162
504 ## - BIBLIOGRAPHY, ETC. NOTE
Bibliography, etc inculdes bibliography and index
650 ## - SUBJECT ADDED ENTRY--TOPICAL TERM
Topical Term Insurgency
Form subdivision Manipur
650 ## - SUBJECT ADDED ENTRY--TOPICAL TERM
Topical Term Internal security
Form subdivision Manipur
650 ## - SUBJECT ADDED ENTRY--TOPICAL TERM
Topical Term Internal security
Form subdivision Nagaland
650 ## - SUBJECT ADDED ENTRY--TOPICAL TERM
Topical Term Insurgency
Form subdivision Nagaland
650 ## - SUBJECT ADDED ENTRY--TOPICAL TERM
Topical Term Rebellions
700 ## - ADDED ENTRY--PERSONAL NAME
Personal name Thomas, C. Joshua
700 ## - ADDED ENTRY--PERSONAL NAME
Personal name Gopalakrishnan, R.
942 ## - ADDED ENTRY ELEMENTS (KOHA)
Koha item type Books
Holdings
Withdrawn status Lost status Damaged status Not for loan Home library Current library Date acquired Bill Date Full call number Accession Number Price effective from Koha item type
        NASSDOC Library NASSDOC Library 09/06/2005 2005-04-01 355.0218 CON- 40678 18/04/2019 Books
        NASSDOC Library NASSDOC Library 13/06/2005 2005-04-01 355.0218 CON- 40686 18/04/2019 Books